|
|
|
|
| LEADER |
00000nkm a2200000 a 4500 |
| 001 |
vtls011823323 |
| 003 |
SK-MaSNL |
| 005 |
20260512123012.0 |
| 007 |
kp bo |
| 008 |
240221q1937 xo g kuslo |
| 015 |
|
|
|a SNBG1937
|
| 035 |
|
|
|a urn:nbn:sk:snk-km00duzd
|
| 035 |
|
|
|a urn:nbn:sk:snk-km3lt2o
|
| 035 |
|
|
|a F49078B4-D175-49DE-B63B-585CB9CAA93D
|
| 040 |
|
|
|a SNK
|b slo
|c SNK
|e AACR2
|
| 041 |
0 |
|
|a slo
|
| 043 |
|
|
|a e-xo---
|
| 044 |
|
|
|a xo
|c SK
|
| 072 |
|
7 |
|a 913
|x Regionálna geografia
|2 konspekt
|
| 080 |
|
|
|a 913(437.6)
|2 2011
|
| 080 |
|
|
|a 904:72/7.025.21
|2 2011
|
| 080 |
|
|
|a 904(084.121)
|2 2011
|
| 080 |
|
|
|a 728.81
|2 2011
|
| 080 |
|
|
|a 556.53
|2 2011
|
| 080 |
|
|
|a (282.243)
|2 2011
|
| 080 |
|
|
|a 908(437.6)
|2 2011
|
| 245 |
0 |
0 |
|a Hrad Strečno
|h grafika
|
| 260 |
|
|
|a [Bratislava]
|b Kriváň
|c [1937?]
|
| 300 |
|
|
|a 1 pohľadnica
|b čiernobiela
|c 10 x 15 cm
|
| 520 |
8 |
|
|a Zobrazenie: V bielom orámovaní pohľad z výšky, z kopca na zrúcaninu hradu vpravo a na rieku a domčeky vľavo, za ktorými sú polia
|
| 610 |
1 |
7 |
|a Strečno (Slovensko : hrad)
|2 SNKKA
|9 32470
|
| 650 |
0 |
7 |
|a hrady
|2 SNKPH
|9 3039
|
| 650 |
0 |
7 |
|a národné kultúrne pamiatky
|2 SNKPH
|9 31192
|
| 650 |
0 |
7 |
|a rieky
|2 SNKPH
|9 29644
|
| 650 |
0 |
7 |
|a zrúcaniny historických objektov
|2 SNKPH
|9 105150
|
| 651 |
|
7 |
|a Strečno (Slovensko)
|2 SNKPHgeo
|9 59373
|
| 651 |
|
7 |
|a Váh (Slovensko : rieka)
|2 SNKPHgeo
|9 59387
|
| 655 |
|
7 |
|a miestne pohľadnice
|2 SNKPH
|9 70510
|
| 655 |
|
7 |
|a pohľadnice kultúrnych pamiatok
|2 SNKPH
|9 70523
|
| 655 |
|
7 |
|a geografické pohľadnice
|2 SNKPH
|9 70522
|
| 852 |
|
|
|a Slovenská národná knižnica
|
| 958 |
|
|
|a EUIPO
|
| 958 |
|
|
|a GBN
|
| 958 |
|
|
|a GC
|
| 958 |
|
|
|a OND
|
| 999 |
|
|
|c 686181
|d 688111
|
| 952 |
|
|
|a SNK
|b SNK
|y PREZ
|7 0
|p 17A1232755
|o snkSP 27312
|z Pohľadnica má zúbkované okraje. ; Na pohľadnici, na adresnej časti je otlačený nápis ""Csajka István - 2 jul. 1937"".
|0 0
|1 0
|4 0
|d 2018-11-16
|f 1
|l 0
|r 2026-02-23 20:12:09
|w 2026-02-23
|